[Event "Haifa ol (Men)"]
[Site "Haifa"]
[Date "1976.??.??"]
[Round "?"]
[White "Westerinen, Heikki MJ"]
[Black "Ogaard, Leif"]
[Result "1/2-1/2"]
[WhiteElo "2485"]
[BlackElo "2490"]

1.e4 c5 2.Nf3 e6 3.d4 cxd4 4.Nxd4 Nc6 5.Nc3 a6 6.g3 d6 7.Bg2 Bd7 8.O-O Nf6
9.a4 Be7 10.Nb3 b6 11.f4 O-O 12.Be3 Rb8 13.g4 b5 14.axb5 axb5 15.g5 Ne8 16.Qh5 g6
17.Qh6 f5 18.exf5 Rxf5 19.Bxc6 Bxc6 20.Nd4 Qc8 21.Nxf5 exf5 22.Qh3 Nc7 23.Rfe1 Bf8
24.Bd4 b4 25.Na4 Qb7 26.Qb3+ Bd5 27.c4 Be4 28.Nb6 Ne6 29.Be3 Nc5 30.Bxc5 dxc5
31.Nd5 Bg7 32.Nf6+ Bxf6 33.gxf6 Qc6 34.f7+ Kxf7 35.Ra7+ Rb7 36.Qa4 Qc7 37.Rxb7 Qxb7
38.Rd1 Bc6 39.Qc2 Qe7 40.Qd3 Kg7 41.Kf1 Qh4 42.Qg3 Qe7 43.Qe1 Be4 44.Kg1 Kf7
45.Qe3 Kg7 46.Ra1 Qd6 47.Re1 Kg8 48.b3 Kg7 49.Qf2 Qd3  1/2-1/2

[Event "DSV-Turnier"]
[Site "Halle"]
[Date "1976.??.??"]
[Round "?"]
[White "Vaisman, Volodia"]
[Black "Balashov, Yuri S"]
[Result "1/2-1/2"]
[WhiteElo "2485"]
[BlackElo "2545"]

1.e4 c5 2.Nf3 e6 3.d4 cxd4 4.Nxd4 Nc6 5.Nc3 d6 6.Be3 Nf6 7.Bc4 Be7 8.Qe2 a6
9.O-O-O Qc7 10.Bb3 Na5 11.g4 b5 12.g5 Nxb3+ 13.axb3 Nd7 14.h4 b4 15.Na4 Bb7
16.h5 Bxe4 17.f3 Bb7 18.g6 hxg6 19.hxg6 Rxh1 20.gxf7+ Kxf7 21.Rxh1 Nf8 22.Rh8 Bf6
23.Kb1 Bd5 24.Qd2 Ng6 25.Rh7 Rh8 26.Rxh8 Nxh8 27.Qxb4 Ng6 28.Nc3 Bb7 29.f4 Ne7
30.Qa4 g6 31.Qb4 Nf5 32.Nxf5 gxf5 33.Bd4 a5 34.Qa4 Bc6 35.Qc4 d5 36.Qd3 Qxf4
37.Bxf6 Kxf6 38.Qh3 Kg7 39.Ne2 Qe5 40.Qd3 Bd7 41.Qd2 Kf7 42.Ka2  1/2-1/2

[Event "Lanzarote"]
[Site "Lanzarote"]
[Date "1976.??.??"]
[Round "4"]
[White "Weinstein, Norman"]
[Black "Larsen, Bent"]
[Result "0-1"]
[WhiteElo "2430"]
[BlackElo "2625"]

1.e4 c5 2.Nf3 e6 3.d4 cxd4 4.Nxd4 Nc6 5.Nc3 a6 6.Be2 Nge7 7.f4 b5 8.O-O Nxd4
9.Qxd4 Nc6 10.Qf2 Be7 11.Be3 Bb7 12.Rad1 O-O 13.Bb6 Qc8 14.Bc5 f5 15.Bf3 Qc7
16.exf5 Rxf5 17.Bxe7 Nxe7 18.Bxb7 Qxb7 19.Qd4 Qa7 20.Rf2 Qxd4 21.Rxd4 d5
22.Ne2 Raf8 23.Rf3 R5f6 24.Rd2 Ng6 25.Rd4 Rc8 26.Rd2 h5 27.Re3 Rcf8 28.g3 e5
29.Rxd5 exf4 30.Nxf4 Nxf4 31.gxf4 Rxf4 32.Rd2 R8f6 33.Red3 Kh7 34.Rd6 Rg4+  0-1

[Event "NLD-ch"]
[Site "Leeuwarden"]
[Date "1976.??.??"]
[Round "?"]
[White "Hartoch, Robert G"]
[Black "Ligterink, Gert"]
[Result "1/2-1/2"]
[WhiteElo "2365"]
[BlackElo "2400"]

1.e4 c5 2.Nc3 e6 3.Nf3 Nc6 4.d4 cxd4 5.Nxd4 Nf6 6.Ndb5 d6 7.Bf4 e5 8.Bg5 a6
9.Bxf6 gxf6 10.Na3 b5 11.Nd5 f5 12.c3 Bg7 13.Bd3 Be6 14.Qh5 O-O 15.Ne3 f4
16.Nf5 Bxf5 17.Qxf5 Ne7 18.Qh5 d5 19.exd5 f5 20.Rd1 e4 21.Bc2 Qd6 22.Bb3 Ng6
23.Nc2 Rae8 24.O-O f3 25.g3 f4 26.Rfe1 e3 27.Qh3 e2 28.Rd2 fxg3 29.hxg3 Rf6
30.Rd4 Ne5 31.Ne3 Rh6 32.Nf5 Rxh3 33.Nxd6 Rf8 34.Ne4 Ng4 35.d6+ Kh8 36.Be6 Nxf2
37.Kxf2 Bxd4+ 38.cxd4 Rh2+ 39.Ke3 f2 40.Nxf2 Rhxf2 41.Rxe2 Rxe2+ 42.Kxe2 Kg7
43.g4 Kf6 44.d5 Ke5 45.d7 h6 46.Kd3 Kd6  1/2-1/2

[Event "NLD-ch"]
[Site "Leeuwarden"]
[Date "1976.??.??"]
[Round "?"]
[White "Kuijpers, Franciscus Antonius"]
[Black "Ligterink, Gert"]
[Result "1/2-1/2"]
[WhiteElo "2430"]
[BlackElo "2400"]

1.e4 c5 2.Nc3 e6 3.Nf3 Nc6 4.d4 cxd4 5.Nxd4 Nf6 6.Ndb5 d6 7.Bf4 e5 8.Bg5 a6
9.Na3 b5 10.Bxf6 gxf6 11.Nd5 f5 12.Bd3 Be6 13.O-O Bg7 14.c4 bxc4 15.Nxc4 O-O
16.Ndb6 Rb8 17.exf5 Bxc4 18.Nxc4 d5 19.Ne3 e4 20.Bxa6 Nb4 21.Be2 d4 22.Nc4 Qd5
23.a3 Nc6 24.Rc1 d3 25.Bh5 Nd4 26.Ne3 Qe5 27.b4 Nxf5 28.Rc5 Nxe3 29.fxe3 Qb2
30.Qg4 Rbe8 31.Rcf5 Re7 32.Bxf7+ Rexf7 33.Rxf7 Rxf7 34.Qe6 Bf6 35.Qg4+ Bg7
36.Qe6 Bf6 37.Qg4+  1/2-1/2

[Event "Lublin"]
[Site "Lublin"]
[Date "1976.??.??"]
[Round "4"]
[White "Bielczyk, Jacek"]
[Black "Hulak, Krunoslav"]
[Result "0-1"]
[WhiteElo "2375"]
[BlackElo "2470"]

1.e4 c5 2.Nf3 e6 3.d4 cxd4 4.Nxd4 Nc6 5.Nc3 Qc7 6.Be2 a6 7.O-O Nf6 8.Kh1 Be7
9.f4 d6 10.Be3 Bd7 11.Qe1 b5 12.a3 O-O 13.Qg3 b4 14.axb4 Nxb4 15.Bf3 Rab8
16.Rf2 a5 17.e5 Ne8 18.Rd2 Na6 19.Nb3 Rb4 20.Nxa5 Rxb2 21.Bd4 Rb4 22.Be2 Nc5
23.Nc4 d5 24.Nd6 g6 25.Ncb5 Bxb5 26.Nxb5 Qb8 27.Nc3 Ng7 28.Bg1 Nf5 29.Qf3 Rc8
30.Ra2 h5 31.Rd1 d4 32.Ne4 Nh4  0-1

[Event "Lublin"]
[Site "Lublin"]
[Date "1976.??.??"]
[Round "8"]
[White "Damjanovic, Mato"]
[Black "Suetin, Alexey S"]
[Result "1/2-1/2"]
[WhiteElo "2425"]
[BlackElo "2525"]

1.e4 c5 2.Nf3 e6 3.d4 cxd4 4.Nxd4 Nc6 5.Nc3 a6 6.g3 d6 7.Bg2 Bd7 8.O-O Nf6
9.Re1 Be7 10.Nxc6 Bxc6 11.a4 O-O 12.Be3 a5 13.Bd4 e5 14.Be3 h6 15.Qe2 Qd7
16.b3 Rfb8 17.Qd2 b6 18.Nd5 Bxd5 19.exd5 Qc7 20.h3 Nh7 21.Qd3 Bg5 22.Kh2 Rc8
23.Be4 Nf6 24.c4 Bxe3 25.fxe3 Nd7 26.Rf1 Nc5 27.Qc2 Rf8 28.Rf3 g6 29.g4 Qe7
30.Raf1 Kg7 31.Rg3 Rae8 32.Rf2 Qh4 33.Bg2 e4 34.Qc3+ Re5 35.Rf4 Qe7 36.Bxe4 Re8
37.Bg2 Kg8 38.Rff3  1/2-1/2

[Event "Lublin"]
[Site "Lublin"]
[Date "1976.??.??"]
[Round "10"]
[White "Suetin, Alexey S"]
[Black "Hulak, Krunoslav"]
[Result "1-0"]
[WhiteElo "2525"]
[BlackElo "2470"]

1.e4 c5 2.Nf3 Nc6 3.d4 cxd4 4.Nxd4 e6 5.Nc3 d6 6.g3 Be7 7.Bg2 a6 8.O-O Bd7
9.Nxc6 Bxc6 10.Qg4 g6 11.Qe2 Qc7 12.a4 Nf6 13.Bh6 Bf8 14.Qd2 Rd8 15.Rfe1 Bxh6
16.Qxh6 Qb6 17.Qg5 Nd7 18.Nd5 Bxd5 19.exd5 h6 20.Rxe6+ Kf8 21.Qe7+ Kg7 22.Be4  1-0

[Event "Novi Sad"]
[Site "Novi Sad"]
[Date "1976.??.??"]
[Round "?"]
[White "Sigurjonsson, Gudmundur"]
[Black "Hort, Vlastimil"]
[Result "1/2-1/2"]
[WhiteElo "2530"]
[BlackElo "2600"]

1.e4 c5 2.Nf3 e6 3.d4 cxd4 4.Nxd4 Nc6 5.Nc3 a6 6.g3 Nge7 7.Nb3 d6 8.Bg2 Ng6
9.Qh5 Be7 10.O-O O-O 11.Be3 Nce5 12.Nd2 Qc7 13.f4 Nd7 14.a4 b6 15.g4 Bb7
16.g5 Rfe8 17.Rf3 b5 18.Raf1 Ngf8 19.Rh3 d5 20.exd5 Bc5 21.Bxc5 Nxc5 22.dxe6 Rxe6
23.f5 Re5 24.Bxb7 Qxb7 25.axb5 axb5 26.Qf3 Qb8 27.Nxb5 Na4 28.Nd4 Qxb2 29.Rh4 Rc8
30.Qb3 Qxb3 31.cxb3 Nc3 32.Nc4 Rec5 33.Rf3 Nb5 34.Nxb5 Rxb5 35.Rd4 g6 36.Nd6 Rc1+
37.Kg2 Re5 38.b4 Rc2+ 39.Kg3 Ree2 40.Rc4 Rb2 41.Ne4 gxf5 42.Nd6 Rg2+ 43.Kf4 Ng6+
44.Kxf5 Rbe2 45.Re4 Rxe4 46.Kxe4 Nh4 47.Rxf7  1/2-1/2

[Event "Novi Sad"]
[Site "Novi Sad"]
[Date "1976.??.??"]
[Round "?"]
[White "Velimirovic, Dragoljub"]
[Black "Olafsson, Fridrik"]
[Result "1-0"]
[WhiteElo "2525"]
[BlackElo "2550"]

1.e4 c5 2.Nf3 Nc6 3.d4 cxd4 4.Nxd4 e6 5.Nc3 Qc7 6.Be2 a6 7.f4 b5 8.Nxc6 Qxc6
9.Bf3 Bb7 10.Qd3 Qc7 11.Be3 Ne7 12.O-O-O Nc6 13.Kb1 Be7 14.e5 Rd8 15.Ne4 Nb4
16.Nd6+ Bxd6 17.exd6 Qa5 18.Qd4 Qxa2+ 19.Kc1 Qa4 20.b3 Qa3+ 21.Kd2 Bxf3 22.Qxg7 Rf8
23.Ra1 Na2 24.gxf3 Qxd6+ 25.Qd4 Qxd4+ 26.Bxd4 Nb4 27.Bc5 Nd5 28.Bxf8 Kxf8
29.Rxa6 Ke7 30.Rg1 b4 31.Rg7 Nxf4 32.Rb6 Nd5 33.Rb5 Rc8 34.Rxh7 Rc3 35.Rh3 Rc8
36.Rh4 Rg8 37.Rg4 Rh8 38.h4 Kd6 39.Rd4 Kc6 40.Rbxd5 exd5 41.Rxb4 Kd6 42.Rf4 f5
43.Ke3 Ke5 44.Rd4 f4+ 45.Rxf4 Rc8 46.Rd4 Rxc2 47.f4+ Ke6 48.b4 Rh2 49.Kf3 Kd6
50.Kg4 Rh1 51.Rd3 Rb1 52.h5 Ke6 53.h6 Kf7 54.Kf5 Rxb4 55.Rg3 Rb6 56.Rg7+ Kf8
57.Rg6 Rb8  1-0

[Event "Kringsja"]
[Site "Oslo"]
[Date "1976.??.??"]
[Round "3"]
[White "Ofstad, Per"]
[Black "Antonsen, O."]
[Result "1/2-1/2"]
[WhiteElo "2230"]
[BlackElo "2200"]

1.e4 c5 2.Nc3 e6 3.Nf3 Nc6 4.d4 cxd4 5.Nxd4 a6 6.Nxc6 bxc6 7.Bd3 d5 8.O-O Nf6
9.Re1 Be7 10.e5 Nd7 11.Qg4 g6 12.Bh6 a5 13.a3 Ba6 14.Bxa6 Rxa6 15.Qh3 Bf8
16.Na4 Qe7 17.Bd2 Bg7 18.Qg3 Ra8 19.f4 O-O 20.b4 axb4 21.axb4 Rfb8 22.Qc3 f6
23.Nc5 Rxa1 24.Rxa1 Nxc5 25.bxc5 fxe5 26.fxe5 Qc7 27.Re1 Rf8 28.Qa5 Qxa5
29.Bxa5 Rf4 30.Bc7 Rc4 31.Bd6 Rxc2 32.Rb1 Bxe5 33.Bxe5 Rxc5 34.Rb8+ Kf7 35.Rb7+ Ke8
36.Rb8+ Kf7 37.Rb7+ Ke8 38.Rb8+ Kf7  1/2-1/2

[Event "Kringsja"]
[Site "Oslo"]
[Date "1976.??.??"]
[Round "4"]
[White "Hauge, Tor Arne"]
[Black "Sande, Oystein"]
[Result "1-0"]
[WhiteElo "2200"]
[BlackElo "2350"]

1.e4 c5 2.Nf3 e6 3.d4 cxd4 4.Nxd4 Nc6 5.Nc3 Qc7 6.g3 a6 7.Bg2 d6 8.O-O Bd7
9.Nce2 Nf6 10.c4 Be7 11.b3 Rb8 12.Bb2 O-O 13.Rc1 Rfc8 14.Qd2 Qd8 15.Rfd1 Nxd4
16.Bxd4 e5 17.Bb2 Bc6 18.f3 Qb6+ 19.Kh1 Qa7 20.Nc3 b5 21.Nd5 Nxd5 22.cxd5 Bd7
23.Rxc8+ Rxc8 24.Rc1 Rxc1+ 25.Bxc1 Qc5 26.Bf1 a5 27.Kg2 Bd8 28.Qe3 Bb6 29.Qxc5 Bxc5
30.Bd3 b4 31.Kf1 a4 32.Kg2 a3 33.Bd2 g6 34.g4 f6 35.Kf1 Kf7 36.Ke2 h5 37.h3 hxg4
38.hxg4 Be8 39.Ba6 Bd7 40.Bd3 g5 41.Ba6 Ba4 42.bxa4 b3 43.Bc4 b2 44.Bd3  1-0

[Event "Kringsja"]
[Site "Oslo"]
[Date "1976.??.??"]
[Round "5"]
[White "Semakoff, Aleks"]
[Black "Sande, Oystein"]
[Result "1-0"]
[WhiteElo "2200"]
[BlackElo "2350"]

1.e4 c5 2.Nf3 e6 3.d4 cxd4 4.Nxd4 Nc6 5.Nc3 Qc7 6.Be3 a6 7.Bd3 Nf6 8.O-O Ne5
9.h3 Nc4 10.Bxc4 Qxc4 11.Qd3 Qc7 12.f4 d6 13.Rad1 Be7 14.f5 Bd7 15.Rf2 Rc8
16.fxe6 fxe6 17.Nf3 O-O 18.Ng5 Qc4 19.e5 Qxd3 20.Rxd3 Ne8 21.Rxf8+ Bxf8 22.exd6 Nxd6
23.Bf4 Rc6 24.Nf3 Bc8 25.Ne5 Rb6 26.Be3 Rxb2 27.Bc5 Nf7 28.Bxf8 Nxe5 29.Rd8 Nc6
30.Rxc8 Rxc2 31.a3 Kf7 32.Ne4 Nd4 33.Nd6+ Kg8 34.Rb8 h6 35.Be7+ Kh7 36.Rxb7 Ne2+
37.Kh2 Nf4 38.Kg3 e5 39.Ne4 Rxg2+ 40.Kf3 Rh2 41.h4 Nh5 42.Kg4 Rg2+ 43.Kf5 Ng3+
44.Nxg3 Rxg3 45.Kxe5 Kg6 46.Rb6+ Kf7 47.Bc5 Rh3 48.Rb4 g5 49.hxg5 hxg5 50.Kf5 Rh6
51.Rb7+ Ke8 52.Kxg5 Rc6 53.Bd4 Kd8 54.Kf5 Kc8 55.Rb3 Rc4 56.Ke5 Kc7 57.Kd5 Rc2
58.Be5+ Kc8 59.Rb8+ Kd7 60.Rb7+ Kc8 61.Rb8+  1-0

[Event "CSR-ch"]
[Site "Ostrava"]
[Date "1976.??.??"]
[Round "4"]
[White "Lanc, Alois"]
[Black "Jansa, Vlastimil"]
[Result "0-1"]
[WhiteElo "2360"]
[BlackElo "2490"]

1.e4 c5 2.Nf3 Nc6 3.d4 cxd4 4.Nxd4 e6 5.Nc3 a6 6.Be3 Nf6 7.a3 d6 8.Be2 Be7
9.f4 O-O 10.Nb3 Qc7 11.g4 b5 12.Bf3 Bb7 13.Qe2 Nd7 14.O-O Nb6 15.a4 bxa4
16.Nxa4 Nxa4 17.Rxa4 a5 18.Qg2 Ba6 19.Rf2 Bb5 20.Ra1 a4 21.Nc1 Na5 22.Ne2 Nc4
23.Bc1 Qb6 24.g5 Nxb2 25.Bxb2 Bxe2 26.Ba3 Bxf3 27.Qxf3 Rfc8 28.Kg2 g6 29.h4 Rc4
30.f5 gxf5 31.exf5 Qc6 32.Qxc6 Rxc6 33.Rb1 exf5 34.Rb5 Rac8 35.Rbxf5 Rxc2
36.Rf4 Rxf2+ 37.Kxf2 Ra8 38.Rf5 Kf8 39.Rd5 Ke8 40.Ke2 Kd7 41.Rf5 Ke6 42.Rb5 Ra7
43.Rb8 f6 44.Re8 Kf7 45.Rh8 Kg7 46.Re8 fxg5  0-1

[Event "Pernik"]
[Site "Pernik"]
[Date "1976.??.??"]
[Round "4"]
[White "Radev, Nikolai"]
[Black "Ogaard, Leif"]
[Result "1-0"]
[WhiteElo "2370"]
[BlackElo "2490"]

1.e4 c5 2.Nf3 e6 3.d4 cxd4 4.Nxd4 Nc6 5.Nc3 a6 6.g3 d6 7.Bg2 Bd7 8.O-O Be7
9.Nxc6 bxc6 10.Na4 Qc7 11.c4 c5 12.Nc3 Rd8 13.Qg4 h5 14.Qe2 h4 15.Bf4 Bf6
16.Rad1 Bc8 17.Rxd6 Rxd6 18.e5 Rd4 19.exf6 Qd8 20.fxg7 Rh7 21.Be5 hxg3 22.fxg3 f5
23.Rxf5 exf5 24.Bf6+ Kf7 25.Bxd8 Rxd8 26.Qe5 Kg6 27.Qc7 Re8 28.Qc6+ Kf7 29.Bd5+ Be6
30.Qd7+  1-0

[Event "Poznan"]
[Site "Poznan"]
[Date "1976.??.??"]
[Round "2"]
[White "Bernard, Ryszard"]
[Black "Nowak, Ignacy"]
[Result "1/2-1/2"]
[WhiteElo "2360"]
[BlackElo "2295"]

1.e4 c5 2.Nf3 e6 3.d4 cxd4 4.Nxd4 Nc6 5.Nc3 a6 6.g3 d6 7.Bg2 Bd7 8.O-O Nf6
9.b3 Be7 10.Nce2 O-O 11.c4 Rc8 12.Bb2 b5 13.cxb5 Nxd4 14.Nxd4 axb5 15.Qd2 Qb6
16.Rac1 Rfd8 17.Bc3 Qa6 18.Bb4 Bf8 19.Rfe1 Be8 20.Rxc8 Rxc8 21.h3 Qb6 22.a3 Bd7  1/2-1/2

[Event "URS-ch otbor"]
[Site "Rostov"]
[Date "1976.??.??"]
[Round "?"]
[White "Tseitlin, Mark D"]
[Black "Loginov, Valery A"]
[Result "1-0"]
[WhiteElo "2450"]
[BlackElo "2200"]

1.e4 c5 2.Nf3 e6 3.d4 cxd4 4.Nxd4 Nc6 5.Nc3 a6 6.Bf4 d6 7.Bg3 Bd7 8.Qd2 Qc7
9.O-O-O Rd8 10.Be2 Be7 11.f4 Bc8 12.Bf2 b5 13.Ncxb5 axb5 14.Qc3 Bd7 15.Nxb5 Qb8
16.Qxg7 Bf6 17.Qg3 Bc8 18.Qa3 d5 19.e5 Be7 20.Bc5 Rd7 21.c4 dxc4 22.Bxc4 Bxc5
23.Qxc5 Rxd1+ 24.Rxd1 Nge7 25.Nd6+ Kf8 26.f5 exf5 27.Qe3 Rg8 28.Qh6+ Rg7
29.Nxf7 Ng6 30.Qg5 Qc7 31.Qf6 Rxf7 32.Bxf7 Qxf7 33.Qxc6 Be6 34.Rd6 Nxe5 35.Qc5  1-0

[Event "URS-ch otbor"]
[Site "Rostov"]
[Date "1976.??.??"]
[Round "?"]
[White "Vladimirov, Evgeny"]
[Black "Khodos, German"]
[Result "1/2-1/2"]
[WhiteElo "2445"]
[BlackElo "2200"]

1.e4 c5 2.Nf3 e6 3.d4 cxd4 4.Nxd4 Nc6 5.Nc3 a6 6.Be3 Nf6 7.Bd3 d5 8.O-O e5
9.Nxc6 bxc6 10.Bg5 Be7 11.exd5 cxd5 12.Re1 e4 13.Bxf6 gxf6 14.Bf1 Be6 15.Qd4 Qa5
16.Rad1 Rd8 17.a3 Rg8 18.Qa7 Kf8 19.Qxa6 Qc7 20.Qb5 Rg5 21.Qe2 Bg4 22.Qd2 Bxd1
23.Rxd1 Qe5 24.h4 Rh5 25.Be2 Rf5 26.Nb5 Bc5 27.Nd4 Bxd4 28.Qxd4 Rb8 29.b3 Qf4
30.Qc5+ Kg7 31.g3 Qh6 32.a4 Re5 33.a5 Rd8 34.Qc7 e3 35.f3 Qg6 36.Kg2 Rg8
37.a6 Kh8 38.g4 h5 39.Rd4 Ree8 40.Qf4 hxg4 41.fxg4 Rg7 42.Rd3 Re4 43.Qg3 Rxg4
44.Bxg4 Qe4+ 45.Kh3 Qh1+ 46.Qh2 Qf1+ 47.Qg2 e2 48.a7 Rxg4 49.a8=Q+ Kh7 50.Qxf1 exf1=Q+
51.Kxg4 Qg2+ 52.Kf4 Qf2+ 53.Rf3 Qxh4+ 54.Ke3 Qe1+ 55.Kd4 Qe4+ 56.Kc5 Qxf3
57.Qxd5 Qf2+ 58.Kb5 f5 59.c4 f4 60.c5 Qe2+ 61.Kb6 Qe3 62.Qxf7+ Kh6 63.Kb7 f3
64.c6 f2 65.c7 f1=Q 66.Qxf1 Qxb3+ 67.Kc6 Qe6+ 68.Kb7 Qb3+ 69.Ka6 Qa4+ 70.Kb6 Qd4+
71.Kc6 Qe4+ 72.Kd6 Qd4+ 73.Ke6 Qe4+ 74.Kf6 Qc6+  1/2-1/2

[Event "Vitrobud op"]
[Site "Sandomierz"]
[Date "1976.??.??"]
[Round "1"]
[White "Vaisman, Volodia"]
[Black "Nowak, Ignacy"]
[Result "1/2-1/2"]
[WhiteElo "2485"]
[BlackElo "2295"]

1.d4 e6 2.Nf3 c5 3.e4 cxd4 4.Nxd4 Nc6 5.Nc3 a6 6.Bf4 Qf6 7.Be3 Bc5 8.Nf5 Bxe3
9.Nxe3 b5 10.Be2 Nge7 11.O-O Bb7 12.Qd6 Qe5 13.Rfd1 Rd8 14.a4 Qxd6 15.Rxd6 Nc8
16.Rd2 b4 17.Na2 a5 18.Nc1 Nb6 19.Nb3 Ke7 20.Nc5 Ba8 21.Bb5 Rc8 22.Nb3 Rhd8
23.f3 Bb7 24.Kf2 Ra8 25.Nc5 Ra7 26.Rad1 Ba8 27.Rc1 Rc8 28.Nd3 Rac7 29.Nf4 Ne5
30.b3 Rc5 31.Ne2 g5 32.Nd4 d5 33.exd5 Nxd5 34.Nxd5+ Bxd5 35.Rcd1 Kf6 36.Re1 h5
37.Rde2 Ng6 38.Ba6 Ra8 39.Bd3 Nf4 40.Re3 Nxd3+ 41.Rxd3 Rac8 42.Re2 Bb7 43.Rdd2 Ba6
44.Re4 Rd5 45.f4 gxf4 46.Rxf4+ Kg6 47.Rf3 Rcd8 48.Ke3 e5 49.Rg3+ Kh7 50.Nf3 Rxd2
51.Nxd2 f5 52.Rg5 f4+ 53.Ke4 Rxd2 54.Rxh5+ Kg6 55.Rxe5 Bf1 56.Kxf4 Rxc2 57.Rxa5  1/2-1/2

[Event "Skopje"]
[Site "Skopje"]
[Date "1976.??.??"]
[Round "5"]
[White "Matanovic, Aleksandar"]
[Black "Tarjan, James Edward"]
[Result "1/2-1/2"]
[WhiteElo "2525"]
[BlackElo "2490"]

1.e4 c5 2.Nf3 e6 3.d4 cxd4 4.Nxd4 Nc6 5.Nc3 Qc7 6.Be2 a6 7.O-O Nf6 8.Kh1 Be7
9.f4 d6 10.Be3 O-O 11.Qe1 Nxd4 12.Bxd4 b5 13.a3 Bb7 14.Qg3 Bc6 15.Bd3 e5
16.fxe5 Nh5 17.Qh3 dxe5 18.Bxe5 Qxe5 19.Rf5 Qd4 20.Rxh5 g6 21.Nd5 Bxd5 22.c3 Be6
23.cxd4 Bxh3 24.Rxh3 Rfd8 25.d5 Bf6 26.Rb1 Be5 27.Rf3 Rdc8 28.g3 Ra7 29.Kg2 Rac7
30.Rff1 h5 31.Rfd1 Kf8 32.Kf3 Ke7 33.Rd2 Kd6 34.a4 Rc1 35.Rxc1 Rxc1 36.axb5 axb5
37.Bxb5 Rb1 38.Be8 Ke7 39.Ba4 Rxb2 40.d6+ Kf6 41.Rd5 Rb4 42.d7 Bc7 43.Bb5 Rb3+
44.Bd3 Bd8 45.h3 Ra3 46.g4 hxg4+ 47.hxg4 g5 48.Ke3 Ke6 49.Kd4 f6 50.Kc5 Rc3+
51.Kd4 Rc1 52.Bc4 Ke7  1/2-1/2

[Event "Skopje"]
[Site "Skopje"]
[Date "1976.??.??"]
[Round "8"]
[White "Nicevski, Risto"]
[Black "Tarjan, James Edward"]
[Result "0-1"]
[WhiteElo "2395"]
[BlackElo "2490"]

1.e4 c5 2.Nf3 e6 3.d4 cxd4 4.Nxd4 Nc6 5.Nc3 d6 6.Be3 Nf6 7.Bc4 a6 8.Qe2 Qc7
9.Bb3 Be7 10.O-O-O O-O 11.Rhg1 Na5 12.g4 b5 13.Kb1 Nxb3 14.axb3 b4 15.g5 Nd7
16.Na4 Nc5 17.Qh5 e5 18.Nf5 Nxe4 19.Nxe7+ Qxe7 20.Nb6 Bf5 21.f3 Nc5 22.Bxc5 dxc5
23.Nxa8 Rxa8 24.Qh4 c4 25.Qxc4 Rc8 26.Qxa6 Bxc2+ 27.Kc1 Qc5 28.Kd2 Qd4+ 29.Ke2 Bxd1+  0-1

[Event "Skopje"]
[Site "Skopje"]
[Date "1976.??.??"]
[Round "11"]
[White "Ivanovic, Bozidar"]
[Black "Sofrevski, Jovan"]
[Result "1/2-1/2"]
[WhiteElo "2385"]
[BlackElo "2450"]

1.e4 c5 2.Nf3 Nc6 3.d4 cxd4 4.Nxd4 e6 5.Nc3 Qc7 6.Be2 Nf6 7.O-O a6 8.Kh1 d6
9.f4 Be7 10.Be3 O-O 11.a4 Nxd4 12.Bxd4 e5 13.Be3 exf4 14.Rxf4 Be6 15.a5 Nd7
16.Rf1 Bf6 17.Ra3 Be5 18.Qd2 Rac8 19.Bd4 Rfd8 20.Be3 Re8 21.Rd1 Nf6 22.Bb6 Qc6
23.Bd3 g6 24.Rf1 Qd7 25.Bg1 Qe7 26.Raa1 Nh5 27.Be2 Qh4 28.Bxh5 Qxh5 29.Rae1 Rf8
30.h3 Qh4 31.Bh2 Rc4 32.Rf3 Rfc8 33.Ref1 Kg7 34.R1f2 R4c5 35.Qe1 Qe7 36.Bxe5+ Rxe5
37.Qd2 Rxa5 38.Kh2 Re5 39.Rd3 Rd8 40.Qd1 b5 41.b4 Qc7 42.Qa1 Bc4 43.Rdf3 Qb7
44.Qc1 Ree8 45.Qa1 Kg8 46.Kh1 Rd7 47.Rf6 Re6 48.R6f4 d5 49.exd5 Bxd5 50.Nxd5 Qxd5
51.Qc3 Qc6 52.Qb3 Qd6 53.c4 Re1+ 54.Kh2 Re4 55.c5 Qe5 56.Qg3 Re1 57.Rf1 Rxf1
58.Rxf1 Qxg3+ 59.Kxg3 Rd4 60.Ra1 Rxb4 61.Rxa6 Kf8 62.Ra7 Rc4 63.Rc7 Ke8 64.c6 h5
65.Rb7 h4+ 66.Kh2 Rxc6 67.Rxb5 Rc4 68.Rb7 Kf8 69.Ra7 Kg7 70.Ra6 Rc1 71.Ra4 g5
72.Ra6 Rf1 73.Rb6 f6 74.Ra6 Kg6 75.Rb6 Rd1 76.Ra6 Re1 77.Ra5 Re5 78.Ra1 f5
79.Ra6+ Kf7 80.Ra7+ Kf6 81.Ra6+ Re6 82.Ra1 Rd6 83.Ra2 Rd5 84.Re2 f4 85.Ra2 Kf5
86.Kg1 Rd1+ 87.Kf2 Rd3 88.Ra5+ Kf6 89.Rb5 Rg3 90.Rb6+ Kf5 91.Rb5+ Kg6 92.Rb6+  1/2-1/2

[Event "Skopje"]
[Site "Skopje"]
[Date "1976.??.??"]
[Round "13"]
[White "Matanovic, Aleksandar"]
[Black "Sofrevski, Jovan"]
[Result "1/2-1/2"]
[WhiteElo "2525"]
[BlackElo "2450"]

1.e4 c5 2.Nf3 Nc6 3.d4 cxd4 4.Nxd4 e6 5.Nc3 Qc7 6.Be2 a6 7.O-O Nf6 8.Kh1 d6
9.f4 Be7 10.Be3 O-O 11.Qe1 Nxd4 12.Bxd4 b5 13.a3 Bb7 14.Qg3 Bc6 15.Rae1 Qb7
16.Bd3 g6 17.e5 dxe5 18.fxe5 Nh5 19.Qf2  1/2-1/2

[Event "Stary Smokovec"]
[Site "Stary Smokovec"]
[Date "1976.??.??"]
[Round "2"]
[White "Franzen, Josef"]
[Black "Moehring, Guenther"]
[Result "0-1"]
[WhiteElo "2290"]
[BlackElo "2380"]

1.e4 c5 2.Nf3 Nc6 3.d4 cxd4 4.Nxd4 e6 5.Nc3 d6 6.Be3 Nf6 7.Bc4 Be7 8.Qe2 O-O
9.O-O-O Qc7 10.Bb3 a6 11.g4 Nd7 12.g5 Nc5 13.f4 b5 14.f5 Nxd4 15.Rxd4 Nxb3+
16.axb3 exf5 17.Nd5 Qd8 18.Rg1 Re8 19.Qh5 g6 20.Qf3 Be6 21.Nxe7+ Qxe7 22.Bf4 fxe4
23.Qxe4 d5 24.Qe5 Rac8 25.Qf6 Bf5 26.Qxe7 Rxc2+ 27.Kd1 Rxe7 28.Rxd5 Rc8 29.Rg3 Re4
30.Be3 Rh4 31.Bd4 Rxh2 32.Rc3 Re8 33.Re3 Be6 34.Rd6 h6 35.gxh6 Rxh6 36.Rxa6 g5
37.Kd2 Rh2+ 38.Kc3 Rh4 39.Bf6 b4+ 40.Kd2 Rh2+ 41.Ke1 g4 42.Rb6 Rc8 43.Re2 Rc1+
44.Kd2 Rc2+ 45.Kxc2 Rxe2+ 46.Kd3 Rf2 47.Bd4 Rf3+ 48.Ke4 Rxb3 49.Kf4 Kh7 50.Kg5 Rf3
51.Kh5 Rf5+ 52.Kh4 Kg6 53.Kg3 b3 54.Kg2 Rf3 55.Rb5 Rd3  0-1

[Event "SWE-ch"]
[Site "SWE"]
[Date "1976.??.??"]
[Round "?"]
[White "Ekstroem, Roland"]
[Black "Bengtsson, Bo"]
[Result "1/2-1/2"]
[WhiteElo "2400"]
[BlackElo "2410"]

1.e4 c5 2.Nf3 e6 3.d4 cxd4 4.Nxd4 Nc6 5.Nc3 a6 6.g3 Qc7 7.Bg2 Nf6 8.O-O Be7
9.Re1 Nxd4 10.Qxd4 e5 11.Nd5 Nxd5 12.Qxd5 d6  1/2-1/2

[Event "SWE-ch"]
[Site "SWE"]
[Date "1976.??.??"]
[Round "?"]
[White "Fredriksson, Leif"]
[Black "Lekander, Rolf"]
[Result "1-0"]
[WhiteElo "2300"]
[BlackElo "2305"]

1.e4 c5 2.Nf3 e6 3.d4 cxd4 4.Nxd4 Nc6 5.Nc3 a6 6.Be2 Qc7 7.Be3 Nf6 8.O-O Bb4
9.Na4 O-O 10.Bd3 d5 11.exd5 exd5 12.h3 Ne5 13.Nf3 Nxd3 14.cxd3 Be6 15.Rc1 Qe7
16.a3 Bd6 17.Bg5 Rac8 18.Nc3 h6 19.Bh4 Bf4 20.Ra1 g5 21.Ne2 Nh5 22.Nxf4 Nxf4
23.Bg3 Qf6 24.d4 Rc4 25.Bxf4 Qxf4 26.g3 Qf6 27.Ne5 Rc7 28.Qh5 Kg7 29.Rad1 Bf5
30.Rd2 Rfc8 31.f4 Bg6 32.Qg4 Rc1 33.Rf2 R8c2 34.Rxc2 Rxf1+ 35.Kxf1 Bxc2 36.h4 Bf5
37.hxg5 hxg5 38.Qxg5+ Qxg5 39.fxg5 Kf8 40.Kf2 Ke7 41.Ke3 Ke6 42.Kd2 Bg6 43.g4 Kd6
44.Kc3 b6 45.Kb4 Kc7 46.a4 a5+ 47.Kb5 Kb7 48.Nxg6 fxg6 49.b3 Kc7 50.b4 axb4
51.Kxb4 Kb7 52.Kb5 Kc7 53.a5 bxa5 54.Kxa5  1-0

[Event "Tbilisi Interzonal (Women)"]
[Site "Tbilisi"]
[Date "1976.??.??"]
[Round "2"]
[White "Feustel, Petra"]
[Black "Savereide, Diane"]
[Result "0-1"]
[WhiteElo "2105"]
[BlackElo "2165"]

1.e4 c5 2.Nf3 e6 3.d4 cxd4 4.Nxd4 Nc6 5.Nc3 Qc7 6.f4 a6 7.a4 b6 8.Nb3 Bb4
9.Qg4 Bxc3+ 10.bxc3 Nge7 11.Bd3 Na5 12.Qxg7 Rg8 13.Qf6 Rxg2 14.Nxa5 bxa5
15.Kf1 Rg6 16.Qh8+ Rg8 17.Qxh7 Bb7 18.Rb1 d5 19.Be3 dxe4 20.Bxe4 Qc4+ 21.Bd3 Bg2+
22.Kf2 Qd5 23.Rhf1 Qf3+  0-1

[Event "BCF-ch"]
[Site "Brighton"]
[Date "1977.08.19"]
[Round "11"]
[White "Penrose, Jonathan"]
[Black "Neat, Kenneth P"]
[Result "1-0"]
[WhiteElo "2415"]
[BlackElo "2310"]

1.e4 c5 2.Nf3 Nc6 3.d4 cxd4 4.Nxd4 e6 5.Nc3 Qc7 6.Be3 a6 7.Bd3 Nf6 8.O-O Ne5
9.Be2 b5 10.f4 Nc4 11.Bxc4 Qxc4 12.e5 Nd5 13.Nxd5 Qxd5 14.Qe2 Bb7 15.Rad1 Rc8
16.Qf2 Bc5 17.c3 O-O 18.Nc2 Bxe3 19.Nxe3 Qc6 20.f5 Qc5 21.Qg3 Kh8 22.Rxd7 Bxg2
23.Rf2 Bd5 24.Nxd5 exd5 25.e6 b4 26.Qe5 bxc3 27.bxc3 Qxc3 28.Qxc3 Rxc3 29.Rxf7 Kg8
30.Rd7 Re3 31.Rxd5 g6 32.Rd6 Rxf5 33.Rxf5 gxf5 34.Rxa6 Kg7 35.Kf2 Rh3 36.Kg2 Re3
37.Ra7+ Kf6 38.e7 h5 39.Kf2 f4 40.a4 Kf7 41.a5 Ra3  1-0

[Event "IBM"]
[Site "Amsterdam"]
[Date "1977.??.??"]
[Round "3"]
[White "Quinteros, Miguel A"]
[Black "Liberzon, Vladimir M"]
[Result "0-1"]
[WhiteElo "2555"]
[BlackElo "2550"]

1.e4 c5 2.Nf3 e6 3.d4 cxd4 4.Nxd4 Nc6 5.Nc3 d6 6.Be3 Nf6 7.Bc4 a6 8.Qe2 Qc7
9.Bb3 Be7 10.O-O-O O-O 11.f4 b5 12.Rhf1 Na5 13.f5 b4 14.Na4 e5 15.Nf3 Nxb3+
16.axb3 Bb7 17.Nb6 Rab8 18.Nd5 Nxd5 19.exd5 Qa5 20.Nd2 Qxd5 21.Nc4 Qxg2 22.Qxg2 Bxg2
23.f6 Bxf1 24.fxe7 Rfe8 25.Rxf1 Rxe7 26.Nxd6 Re6 27.Bc5 f6 28.c4 bxc3 29.bxc3 Rxb3
30.Kc2 Rb8 31.c4 e4 32.Ba3 a5 33.c5 a4 34.Re1 Rb3 35.Rxe4 Rxe4 36.Nxe4 Kf7
37.c6 Rb6 38.Nd6+ Ke6 39.Kd3 Rxc6 40.Nb5 Rc8 41.Nc3 Kf5 42.Bb4 Ra8 43.Kc4 Kg4
44.Bd6  0-1

[Event "URS-FL"]
[Site "Baku"]
[Date "1977.??.??"]
[Round "2"]
[White "Kuzmin, Gennadi P"]
[Black "Kochyev, Alexander"]
[Result "1/2-1/2"]
[WhiteElo "2550"]
[BlackElo "2490"]

1.e4 c5 2.Nf3 e6 3.d4 cxd4 4.Nxd4 Nc6 5.Nc3 d6 6.g3 Nf6 7.Bg2 Bd7 8.O-O Be7
9.Be3 O-O 10.Qe2 a6 11.Nxc6 Bxc6 12.a4 Qa5 13.Rfd1 Rfd8 14.Bd4 e5 15.Be3 h6
16.Qc4 Rdc8 17.Qb3 Qd8 18.a5 Bd7 19.Na4 Be6 20.Qd3 Nd7 21.b3 Rc6 22.Qe2 Qc7
23.c4 Nc5 24.Nb6 Rxb6 25.axb6 Qxb6 26.Rdb1 Qc6 27.b4 Nd7 28.Rc1 Qc7 29.f4 Nf6
30.f5 Bd7 31.g4 Bc6 32.Bf2 b6 33.h4 a5 34.g5 hxg5 35.hxg5 Nh7 36.g6 Nf6 37.gxf7+ Kxf7
38.bxa5 bxa5 39.c5 dxc5 40.Qc4+ Kf8 41.Bxc5 Bb7 42.Bf2 Qd7 43.Bf3 Qd2 44.Bc5  1/2-1/2